| 000 | 00706nam a2200205 4500 | ||
|---|---|---|---|
| 999 |
_c1440 _d1440 |
||
| 001 | 9281 | ||
| 003 | BD-DhUAP | ||
| 005 | 20210121111105.0 | ||
| 008 | 200206s2006 bg ||||| |||| 00| 0 ben d | ||
| 040 |
_aBD-DhUAP _bBen _cBD-DhUAP _dBD-DhUAP |
||
| 082 |
_223 _a340.5254 BOD |
||
| 100 | _aবদরউদ্দীন, এম। | ||
| 245 |
_aহিন্দু আইন / _c এম. বদরউদ্দীন। |
||
| 250 | _a৩য় সং. | ||
| 260 |
_aঢাকা : _bমুক্ত 'ল' বুক হাউস, _cc২০০৬। |
||
| 300 |
_a৩৩৫ পৃষ্ঠা ; _c২৩ সেমি.। |
||
| 650 | _aHindu law. | ||
| 650 |
_aHindus। _zLegal status, _v laws, etc. |
||
| 942 |
_2ddc _cBK |
||